LEADER 01518nam a2200301 i 4500 001 000000349685 003 CaOOAMICUS 005 20220318093105.0 008 220318s2021 it m u000 u fre u 013 $a238039 020 $a978-88-7839-465-0 040 $aSeMil$bita 100 1 $aMutuyimana, Claudien,$d<1978- >.$0(OLS)http://semarc/name/115595 245 13$aLe Christ et les croyants unis dans l'oeuvre du salut :$bétude exégético-théologique de Rm 6,1-14 et Ep 2,1-10 /$cClaudien Mutuyimana. 264 1$aRoma :$bGBP, Gregorian & Biblical Press,$c2021. 300 $a454 p. ;$c24 cm. 490 1 $aTesi Gregoriana. Serie Teologia ;$v246 504 $aBibliographie, p. [411]-440 650 4$aGesù Cristo - Salvezza.$0(OLS)http://semarc/subject/6653 650 4$aBibbia - NT - Lettere ai Romani 6,1-14.$0(OLS)http://semarc/subject/51858 650 4$aBibbia - NT - Lettera agli Efesini, 2,1-10.$0(OLS)http://semarc/subject/51860 830 0$aTesi Gregoriana. Serie Teologia ;$v246.$0(OLS)http://semarc/title/351 850 $aSeMil 852 $aSeMil$W1$xVenegono$y1$m2HA C 246$j232136$B240732$CSeMilBibl$Z2$F240732 $81 996 $6020$a978-88-7839-465-0$9(OLS)http://semarc/number/295442 996 $6245$aLe Christ et les croyants unis dans l'oeuvre du salut :$bétude exégético-théologique de Rm 6,1-14 et Ep 2,1-10$9(OLS)http://semarc/title/439305 996 $6264$aRoma :$bGBP, Gregorian & Biblical Press$9(OLS)http://semarc/publisher/33573 LEADER 01155nam a2200253 4500 001 000000364997 003 CaOOAMICUS 005 20251106122520.0 008 251105s1995 it 000 u ita r 020 $a33-323-5721-6* 040 $aSeMil$bita 100 1 $aBagolini, Luigi.$0(OLS)http://semarc/name/46373 245 13$aLa decadenza della repubblica e l'assenza del politico /$ccontributi di Luigi Bagolini ... [et. al.] ; raccolti e introdotti da Danilo Castellano. 264 1$aBologna :$bMonduzzi,$cstampa 1995. 300 $aVII, 198 p. ;$c24 cm 650 4$aItalia - Ordinamento istituzionale.$0(OLS)http://semarc/subject/58871 700 1 $aCastellano, Danilo,$d<1945- >.$0(OLS)http://semarc/name/7250 850 $aSeMil 852 $aSeMil$W1$xVenegono$y1$m3N V 108$j264319$B255847$CSeMilBibl$Z2$F255847 $81 961 $aBuzzi mons. Franco - Omaggio 996 $6020$a33-323-5721-6*$9(OLS)http://semarc/number/304511 996 $6245$aLa decadenza della repubblica e l'assenza del politico$9(OLS)http://semarc/title/456526 996 $6264$aBologna :$bMonduzzi$9(OLS)http://semarc/publisher/47981 LEADER 00680naa a2200157 i 4500 001 000000306986 003 CaOOAMICUS 005 20180831172907.0 008 180831n it u000 u ita u 013 $a15573 040 $aSeMil$bita 100 1 $aCavana, Paolo,$d<1962- >.$0(OLS)http://semarc/name/34603 245 13$aLa condizione. 650 4$aMatrimonio - Diritto canonico.$0(OLS)http://semarc/subject/1701 773 0 $tGiurisprudenza della Rota Romana sul consenso matrimoniale (1908-2008).$dCittà del Vaticano : Libreria Editrice Vaticana, 2009.$kStudi giuridici $z978-88-209-8163-1$gp.237-258$w()133072 996 $6245$aLa condizione$9(OLS)http://semarc/title/382387